00569nam a22001937a 450000500170000000800410001702000270005804000090008504100110009408200170010510000280012224500810015026000300023130000080026165000200026970000300028970000290031970000270034820260530165008.0260530b |||||||| |||| 00| 0 eng d a9783110789416c3201.65 aMAIN aGerman a809.933bBER aKlengel, Susanne (ed)  aBerlin Internationalb: Literaturszenen in der geteilten Stadt (1970–1989) aBerlin bDe Gruyterc2023 a321 aGerman Language aTamm, Jutta Müller (ed) aRegeler, Lukas Nils (ed) aSchneider, Ulrike (ed)